| 000 | 00741nam a2200229Ia 4500 | ||
|---|---|---|---|
| 005 | 20260430150731.0 | ||
| 008 | 008 250103s9999 xx 000 0 hin d | ||
| 037 | _aTheses | ||
| 040 | _aCRL | ||
| 040 | _bhin | ||
| 040 | _chin | ||
| 041 | _2hin | ||
| 041 | _ahin | ||
| 084 | _qCRL | ||
| 100 |
_aझा, रवि कुमार, ले. _9864716 |
||
| 245 | 0 | _aविद्यापति के साहित्य में सामाजिक - सांस्कृतिक मूल्य | |
| 260 | _c2022 | ||
| 300 | _a289पृ0 | ||
| 700 | _aदिल्ली विश्वविद्यालय. कला संकाय. हिन्दी विभाग | ||
| 942 | _cTH | ||
| 999 |
_c1850515 _d1850515 |
||